000
00288nam a2200121Ia 4500
008
220204s9999 xx 000 0 und d
082
_b
MUD
100
_a
Krishnamenon, A C
245
0
_a
Clinical obstetrics
260
_a
Bombay
_b
Orient Longman
_c
1978
700
_a
Mudaliar
942
_c
BK
999
_c
29294
_d
29294